000 00567nam a2200169 4500
008 161116b xxu||||| |||| 00| 0 eng d
022 _a01153544
082 _aDPer 338.05 En86 Apr-Jul 2015 v. 15 n. 158-161
100 _917459
_aFrancisco, Mikael Angelo.
245 _aSmart style:
_bthe skinny on wearable tech/
_cMikael Angelo Francisco.
260 _aPhilippines:
_bSummit Media,
_cApr-Jul 2015.
300 _av15 n158, page 45:
_billustrations,
_c28 cm.
500 _aEntrepreneur.
650 0 _917461
_aTechnology
_xIndustry
942 _2ddc
_cPER
999 _c5693
_d5693